[Event "World Chess Trophy 2018"]
[Site "Tenerife"]
[Date "2018.06.22"]
[Round "7"]
[White "Pirrello, Christian"]
[Black "Mamani Beltran, Deniman"]
[Result "1-0"]
[WhiteElo "1935"]
[BlackElo "1656"]
[Annotator "NA"]
[PlyCount "67"]
[EventDate "2018.06.17"]
[EventType "swiss"]
[EventCountry "ESP"]
[SourceTitle "playchess.com"]
[Source "ChessBase"]
[SourceQuality "1"]
[TimeControl "5400+30"]

1. d4 {[%emt 0:00:00]} d5 {[%emt 0:00:21]} 2. c4 {[%emt 0:00:19]} e6 {[%emt 0:00:08]} 3. Nc3 {[%emt 0:00:06]} Nf6 {[%emt 0:00:19]} 4. cxd5 exd5 {[%emt 0:00:07]} 5. Bg5 {[%emt 0:00:16]} Be7 {[%emt 0:00:09]} 6. e3 {[%emt 0:00:05]} O-O {[%emt 0:00:23]} 7. Bd3 {[%emt 0:00:07]} c6 {[%emt 0:00:25]} 8. Qc2 {[%emt 0:00:05]} Nbd7 {[%emt 0:00:04]} 9. Nf3 {[%emt 0:00:06]} Re8 {[%emt 0:00:13]} 10. O-O {[%emt 0:00:07]} Nf8 {[%emt 0:00:19]} 11. Ne5 {[%emt 0:00:06]} N6d7 {[%emt 0:00:21]} 12. Bxe7 Qxe7 {[%emt 0:00:12]} 13. Nxd7 Bxd7 {[%emt 0:00:09]} 14. Rae1 {[%emt 0:01:18]} Qd6 {[%emt 0:00:37]} 15. f4 {[%emt 0:02:10]} Rac8 {[%emt 0:00:41]} 16. f5 {[%emt 0:01:46]} f6 {[%emt 0:02:23]} 17. Qf2 {[%emt 0:02:58]} c5 {[%emt 0:03:53]} 18. Ne2 {[%emt 0:07:39]} c4 {[%emt 0:01:44]} 19. Bb1 {[%emt 0:00:32]} b5 {[%emt 0:01:41]} 20. Nf4 {[%emt 0:02:38]} Bc6 {[%emt 0:00:18]} 21. Qh4 {[%emt 0:02:32]} Re7 {[%emt 0:01:50]} 22. Rf3 {[%emt 0:03:22]} Be8 {[%emt 0:01:00]} 23. Rh3 {[%emt 0:01:45]} g5 {[%emt 0:02:21]} 24. fxg6 {[%emt 0:00:51]} Bxg6 25. Nxg6 {[%emt 0:06:55]} hxg6 {[%emt 0:01:06]} 26. Qh8+ {[%emt 0:01:56]} Kf7 {[%emt 0:00:08]} 27. Bxg6+ {[%emt 0:02:03]} Ke6 {[%emt 0:06:01]} 28. Qg8+ {[%emt 0:00:29]} Kd7 {[%emt 0:00:15]} 29. Bf5+ {[%emt 0:00:06]} Ne6 {[%emt 0:00:09]} 30. Qg6 {[%emt 0:02:23]} Rf8 {[%emt 0:00:38]} 31. Rh7 {[%emt 0:06:19]} Kc6 {[%emt 0:00:22]} 32. Rxe7 Qxe7 {[%emt 0:00:10]} 33. e4 {[%emt 0:03:29]} Kd6 {[%emt 0:08:43]} 34. Qg3+ {[%emt 0:01:56]} 1-0